Políticas de estabilización y comportamientos sociales: la experiencia chilena, 1973-1978

Պահպանված է:
Մատենագիտական մանրամասներ
Հիմնական հեղինակներ: Moulian Emparanza, Tomás (autor), Vergara, Pilar (Հեղինակ)
Ձևաչափ: Գիրք
Լեզու:իսպաներեն
Հրապարակվել է: Santiago Cieplan 1979
Շարք:Apuntes Cieplan, 22
Խորագրեր:
Ցուցիչներ: Ավելացրեք ցուցիչ
Չկան պիտակներ, Եղեք առաջինը, ով նշում է այս գրառումը!

MARC

LEADER 00000nam a2200000 a 4500
001 UCS0855
003 CL-VaPUC
008 970428e19790000CL |||||||||||||||||spa|d
082 0 4 |a 361.61  |b MOU  |2 21 
100 |a Moulian Emparanza, Tomás  |e autor  |9 563337 
700 0 |a Vergara, Pilar  |e author  |9 384722 
245 1 0 |a Políticas de estabilización y comportamientos sociales: la experiencia chilena, 1973-1978 
300 |a 205 p 
942 |c BK 
945 |d 19970428 00:00:00  |a amoreno 
260 |a Santiago  |b Cieplan  |c 1979 
650 7 |a ECONOMIA CAPITALISTA  |2 CL-VaPUC  |9 384723 
650 0 |a Producción   |9 263680 
650 7 |a RELACIONES ECONOMICAS  |2 CL-VaPUC  |9 373743 
650 0 |a Gobierno   |9 255508 
650 7 |a ESTATUTO SOCIAL  |2 CL-VaPUC  |9 384724 
650 0 |a Empresa  |9 350507 
650 0 |a Trabajadores  |9 260887 
650 7 |a POLITICA INFLACIONARIA  |2 CL-VaPUC  |9 384725 
650 7 |a PRIVATIZACION  |2 CL-VaPUC  |9 258145 
583 |a last modification  |c 19970428 00:00:00  |k Rodrigo Vera 
490 0 |a Apuntes Cieplan, 22 
999 |c 259003  |d 259001 
952 |0 0  |1 0  |4 0  |6 361_610000000000000_MOU_1979  |7 0  |8 A  |9 283474  |a BIBGIM  |b BIBGIM  |d 2019-11-19  |i 3276104  |o 361.61 MOU 1979  |p 3276104  |r 2025-01-15  |w 2019-11-19  |y BK  |k GIM